Los utopistas

Na minha lista:
Detalhes bibliográficos
Formato: Livro
Idioma:espanhol
Publicado em: Buenos Aires Hemisferio 1950
coleção:Ensayos
Assuntos:
Tags: Adicionar Tag
Sem tags, seja o primeiro a adicionar uma tag!

MARC

LEADER 00000nam a2200000 a 4500
001 UCR4377
003 CL-VaPUC
008 980307e19500000AG |||||||||||||||||spa|d
082 0 4 |a 321.07  |b UTO  |2 21 
245 1 4 |a Los utopistas 
300 |a 272 p 
942 |c BK 
945 |d 19980307 00:00:00  |a aolguin 
260 |a Buenos Aires  |b Hemisferio  |c 1950 
500 |a El libro del nuevo mundo moral. Cartas de un habitante de Ginebra a sus contemporáneos. El Falansterio. La doctrina de Pierra Leroux. Manifiesto político y social de la democracia pacífica 
600 0 7 |a OWEN, ROBERT  |2 CL-VaPUC  |9 404375 
600 0 7 |a SAINT-SIMON  |2 CL-VaPUC  |9 404376 
600 0 7 |a FOURIER, CHARLES  |2 CL-VaPUC  |9 404377 
600 0 7 |a LEROUX, PIERRE  |2 CL-VaPUC  |9 404378 
600 0 7 |a CONSIDERANT, VICTOR DE  |2 CL-VaPUC  |9 404379 
650 0 |a Utopías  |9 255961 
650 7 |a FILOSOFIA POLITICA  |2 CL-VaPUC  |9 404380 
650 7 |a ORDEN SOCIAL  |2 CL-VaPUC  |9 384516 
650 7 |a ORDEN POLITICO  |2 CL-VaPUC  |9 391801 
583 |a last modification  |c 19980307 00:00:00  |k Rodrigo Vera 
490 0 |a Ensayos 
999 |c 267320  |d 267318 
952 |0 0  |1 0  |4 0  |6 321_070000000000000_UTO_1950  |7 0  |8 P  |9 299593  |a BIBDER  |b BIBDER  |d 2019-11-20  |i 1960652  |o 321.07 UTO 1950  |p 1960652  |r 2023-01-25  |w 2019-11-20  |y BK  |k DER